| 000 | 00614nam a2200169 4500 | ||
|---|---|---|---|
| 001 | 113098 | ||
| 003 | ES-MaACL | ||
| 005 | 20230906185745.0 | ||
| 007 | t| | ||
| 008 | 061121q1955 sp r ||||1| spa d | ||
| 100 | 1 |
_aNúñez de Cepeda y Ortega, Marcelo. _986184 |
|
| 245 | 1 | 0 |
_aMonografía histórica sobre las imágenes de Ntra. Sra. la Virgen Blanca / _cpor don Marcelo Núñez de Cepeda Ortega. |
| 260 |
_aVitoria : _bDiputación Foral de lava, Consejo de Cultura, _c1955? |
||
| 300 |
_a49 p., 13 lám. ; _c22 cm. |
||
| 710 | 1 |
_aÁlava. _bConsejo de Cultura. _91309 |
|
| 852 |
_aES-MaACL _j1986-F-10 _bR.37901 |
||
| 999 |
_c113098 _d113098 |
||